00462nam a2200169Ia 450000500170000000800410001702000180005804000190007604100120009508200110010710000200011824500810013826000330021930000100025265000200026285000100028220231122103155.0131103s9999 xx 000 0 und d a0-7183-0379-2 aLoreto College aEnglish aFbVAL aBaker,Denys Val aMartin's cottageb a novella of Cornwell and other stories cDenys Val Baker aLondonbWilliam Kimberc1983 a189p  aEnglish Fiction aLCLIB